| 000 | 01875nam a22002777a 4500 | ||
|---|---|---|---|
| 999 |
_c59375 _d59375 |
||
| 003 | Ge_BSU | ||
| 005 | 20230201112131.0 | ||
| 008 | 230201s2014 ge ||||| |||| 00| 0 geo d | ||
| 020 | _a9789941934834 | ||
| 041 | _ageo | ||
| 080 | _a347(430)(094.4) კ-85 | ||
| 100 |
_aკროფჰოლერი, იან _916833 |
||
| 245 |
_aგერმანიის სამოქალაქო კოდექსი : _bსასწავლო კომენტარი / _c შეიმუშავა იან კროფჰოლერმა, ფლორიან იაკობმა და მიხაელ ფონ ჰინდენმა ; მთარგმნ.: თორნიკე დარჯანია, ზურაბ ჭეჭელაშვილი ; რედ.: ეთერ ჩაჩანიძე, თორნიკე დარჯანია, ლევან თოთლაძე ; GIZ, IRZ. |
||
| 250 | _aმე-13 გადამუშავებული გამოცემა. | ||
| 264 |
_aთბილისი : _bGIZ : IRZ, _c2014. |
||
| 300 |
_a903 გვ. ; _b25 სმ. |
||
| 653 | _aგერმანიის სამოქალაქო კოდექსი | ||
| 700 |
_aიაკობი, ფლორიან _eავტორი. _916834 |
||
| 700 |
_aჰინდენი, მიხაელ ფონ _eავტორი _916835 |
||
| 700 |
_aდარჯანია, თორნიკე _eმთარგმნელი, რედაქტორი. _98156 |
||
| 700 |
_aჭეჭელაშვილი, ზურაბ _eმთარგმნელი. _96408 |
||
| 700 |
_aთოთლაძე, ლევან _eრედაქტორი. _916836 |
||
| 700 |
_aჩაჩანიძე, ეთერ _eრედაქტორი _916837 |
||
| 710 |
_aGIZ. IRZ. _916838 |
||
| 942 |
_2udc _cBK |
||